|
|
|
|
| LEADER |
00692nam a22001811 4500 |
| 001 |
c000209289 |
| 003 |
CARM |
| 005 |
20021125002200.0 |
| 008 |
870210s1970 fr 1 fre d |
| 019 |
1 |
|
|a 5227115
|5 LACONCORD2021
|
| 035 |
|
|
|a (OCoLC)1033739
|5 LACONCORD2021
|
| 100 |
1 |
|
|a Vallès, Jules,
|d 1832-1885.
|
| 245 |
1 |
0 |
|a Le bachelier /
|c de J.Valles. Chronologie et preface par E.Carassus.
|
| 260 |
|
|
|a Paris :
|b Garnier-Flammarion,
|c 1970.
|
| 852 |
8 |
|
|b CARM
|h A2:AN11A0
|i A03425
|p 0305272
|f BK
|
| 082 |
0 |
4 |
|a 843.8
|
| 999 |
f |
f |
|i 7717a9c5-8a44-5db2-b3dd-9985201c6a2f
|s 5e24e564-ba51-5403-b5e2-179ebb6f8f76
|
| 952 |
f |
f |
|p Can circulate
|a CAVAL
|b CAVAL
|c CAVAL
|d CARM 1 Store
|e A03425
|f A2:AN11A0
|h Other scheme
|i book
|m 0305272
|